| 000 | 00468nam a2200193Ia 4500 | ||
|---|---|---|---|
| 005 | 20240823014458.0 | ||
| 008 | 240823s9999||||xx |||||||||||||| ||und|| | ||
| 020 | _a81-219-2012-4 | ||
| 041 | _aENGLISH | ||
| 082 | _A519.5 P0 | ||
| 100 | _aSaxena H C | ||
| 245 | 0 | _aPractical Mathematical Statistics | |
| 250 | _a1st | ||
| 260 |
_c2000 _bS chand New D _aNew Delhi |
||
| 500 | _aTRANSFERED | ||
| 650 |
_aStatistics _bMathematics |
||
| 942 | _cBK | ||
| 999 |
_c170183 _d170183 |
||